000 01215cam a2200325 i 4500
001 25562
003 Mx-PuUPA
005 20250429103515.0
008 140415s2016 mx gr 000 0 spa d
020 _a9786073145213
040 _aMx-PuUPA
_bspa
_cMx-PuUPA
_dMx-PuUPA
_erda
041 0 _aspa
100 1 _aPascual, Carlos,
_d1964-
_eautor
_916940
245 1 0 _aMemorial de cruces :
_blibro de las revelaciones de la Guerra Cristera /
_cCarlos Pascual
250 _aPrimera edición /
_bagosto
264 1 _aCiudad de México :
_bPenguin Random House Grupo Editorial,
_c©2016
300 _a366 páginas ;
_c23 cm
336 _2rdacontent
_atexto
_btxt
337 _2rdamedia
_asin medio
_bn
338 _2rdacarrier
_avolumen
_bnc
500 _a"Autor del bestseller La insurgenta". -- Cubierta.
650 7 _2armarc
_aIglesia y Estado
_zMéxico
_xHistoria
_ySiglo XX
_vNovela
650 7 _2armarc
_aRebelión Cristera,
_y1926-1929
_vNovela
655 7 _2armarc
_aNovela histórica
655 7 _2armarc
_aNovela mexicana
_ySiglo XX
942 _2ddc
_cLI
_h863.6
_iP27
999 _c25562
_d25562